000 00507nam a22001697a 4500
003 CEME
005 20210628203457.0
008 210316b xxu||||| |||| 00| 0 eng d
040 _c.
082 _a621.382 WIN'T
100 _aWinch, Robert G
_965690
245 _aTelecommunication transmission system , microwave fiber optic mobile cellular radio data and digital multiplaxing
260 _aNEWYORK
_bMCGRAW HILL
_c1993
300 _aXII, 541P
650 _aTELECOMMUNICATION
_924437
942 _cBK
_2ddc
999 _c573830
_d573830